| 000 | 00378nam a2200133Ia 4500 | ||
|---|---|---|---|
| 001 | 3499 | ||
| 008 | 241024s9999 xx 000 0 und d | ||
| 082 | _aRD/378.04/IN59e/2008 | ||
| 100 | _aRepública Dominicana. Instituto de Formación Docente Salomé Ureña | ||
| 245 | 0 | _aEstatuto orgánico | |
| 260 |
_bSanto Domingo _c2008 |
||
| 901 | _a26/11/2013 9:30:01 a.m. | ||
| 999 |
_c8388 _d8388 |
||